Statistics for 1950 FIFA World Cup Results

Click here to take the quiz!

General Stats

  • This quiz has been taken 106 times
  • The average score is 11 of 13

Answer Stats

Nation % Correct
Brazil
98%
Uruguay
96%
England
93%
United States
89%
Mexico
87%
Spain
87%
Chile
85%
Sweden
85%
Yugoslavia
74%
Italy
72%
Switzerland
70%
Bolivia
63%
Paraguay
59%

Score Distribution

Percentile by Number Answered

Percent of People with Each Score

Your Score History

You have not taken this quiz